Color Disconnection Quiz Stats

 Plays Quiz Updated Nov 8, 2018

Also try: Colorful People
Challenge
Share
Tweet
Embed
Score 0/60 Timer 01:00
17 Plays Today
Color % Correct
????
100%
????
99.4%
????
97.2%
????
96.5%
????
96%
????
95.3%
????
94.7%
????
94.3%
????
93.9%
????
93.5%
????
92.9%
????
92.5%
????
92.2%
????
91.7%
????
91.4%
????
91.1%
????
90.8%
????
90.4%
????
90.1%
????
89.7%
????
88.9%
????
88.3%
????
87.7%
????
87.1%
????
86.5%
????
85.7%
????
85%
????
84%
????
83%
????
82%
Color % Correct
????
80.4%
????
79%
????
77.3%
????
75.7%
????
73.9%
????
72.2%
????
70%
????
67.7%
????
65.3%
????
62.9%
????
59.6%
????
56.6%
????
53.7%
????
49.9%
????
47.1%
????
44%
????
40.3%
????
36.9%
????
34.1%
????
30.9%
????
28%
????
24.4%
????
21.8%
????
19.3%
????
16.5%
????
14.4%
????
12.3%
????
10.2%
????
8.6%
????
7.2%

You're not logged in!

Compare scores with friends on all Sporcle quizzes.
OR
Log In

You Might Also Like...

Show Comments

Extras

Top Quizzes Today


Score Distribution

Your Account Isn't Verified!

In order to create a playlist on Sporcle, you need to verify the email address you used during registration. Go to your Sporcle Settings to finish the process.

Report this User

Report this user for behavior that violates our Community Guidelines.

Details: